| 000 | 01225cam a2200385 a 4500 | ||
|---|---|---|---|
| 001 | 16646375 | ||
| 003 | OSt | ||
| 005 | 20140310182946.0 | ||
| 008 | 110210s2012 enka b 001 0 eng | ||
| 010 | _a 2011004387 | ||
| 020 | _a9780415570046 (hardback) | ||
| 020 | _a9780415570053 (pbk.) | ||
| 040 |
_aDLC _cDLC _dDLC |
||
| 042 | _apcc | ||
| 050 | 0 | 0 |
_aG 155 _b.R162 2012 |
| 082 | 0 | 0 |
_aFIL 910.7222 _2I61 2012 |
| 245 | 0 | 3 |
_aAn introduction to visual research methods in tourism / _cRakiC, Tijana |
| 260 |
_aLondon _aNew York _bRoutledge _cc2012 |
||
| 300 |
_a218 p. _bill. _c25 cm. |
||
| 504 | _aIncludes bibliographical references and index. | ||
| 521 | _aCollege Student | ||
| 526 | _c1210L to 1700L | ||
| 541 | _j1 | ||
| 562 | _e1 | ||
| 650 | 0 |
_aTourism _xSocial aspects. |
|
| 650 | 0 |
_aTourism _xPsychological aspects. |
|
| 650 | 0 |
_aVisual communication _xResearch. |
|
| 650 | 0 |
_aVisual perception _xResearch. |
|
| 650 | 0 |
_aAdvertising _xTourism. |
|
| 700 | 1 | _aRakic, Tijana. | |
| 700 | 1 | _aChambers, Donna. | |
| 906 |
_a7 _bcbc _corignew _d1 _eecip _f20 _gy-gencatlg |
||
| 942 |
_2lcc _cBK _kFIL |
||
| 999 |
_c17811 _d17811 |
||